000 00291nam a22001337a 4500
020 _a0-7214-0625-4
082 _a823
_bBRA/E
100 _aBRADBURY, LYNNE
245 _aTHE EMPEROR'S NEW CLOTHES
260 _aUK
_bLADYBIRD
300 _a51
650 _aENGLISH SHORT STORY
_zUK
942 _cBK
999 _c3978
_d3978